Catálogo público

Scale-up and automation in plant propagation / (Record no. 200490)

MARC details
000 -CABECERA
campo de control de longitud fija 00766nam a2200265Ia 4500
001 - NÚMERO DE CONTROL
campo de control Para_1843
003 - IDENTIFICADOR DEL NÚMERO DE CONTROL
campo de control CHAP
008 - DATOS DE LONGITUD FIJA--INFORMACIÓN GENERAL
campo de control de longitud fija 220125s1991 xx 000 0 und d
010 ## - NÚMERO DE CONTROL DE LA BIBLIOTECA DEL CONGRESO
Número de control de LC 200490
040 ## - FUENTE DE LA CATALOGACIÓN
Centro/agencia transcriptor CHAP
082 ## - NÚMERO DE LA CLASIFICACIÓN DECIMAL DEWEY
Número de clasificación PA 630.208 V3
100 ## - ENTRADA PRINCIPAL--NOMBRE DE PERSONA
Nombre de persona Vasil, Indra K.
9 (RLIN) 118179
245 ## - MENCIÓN DE TÍTULO
Título Scale-up and automation in plant propagation /
Mención de responsabilidad, etc. by Indra K. Vasil
260 ## - PUBLICACIÓN, DISTRIBUCIÓN, ETC.
Lugar de publicación, distribución, etc. San Diego, Cal. :
Nombre del editor, distribuidor, etc. Academic Press, Inc.
300 ## - DESCRIPCIÓN FÍSICA
Extensión XXIV, 267 p.
440 ## - MENCIÓN DE SERIE/PUNTO DE ACCESO ADICIONAL--TÍTULO
Título Cell culture and nomatis cell genetic of plant, Vol. 8
9 (RLIN) 165366
650 ## - PUNTO DE ACCESO ADICIONAL DE MATERIA--TÉRMINO DE MATERIA
Término de materia o nombre geográfico como elemento de entrada Propagación de plantas
9 (RLIN) 92417
901 ## - ELEMENTOS DE DATOS A LOCAL LDA (RLIN)
a PA 630.208 V3
902 ## - ELEMENTOS DE DATOS B LOCAL, LDB (RLIN)
a A
905 ## - ELEMENTOS DE DATOS E LOCAL, LDE (RLIN)
a 0000001991 0000000000 00
910 ## - DATOS DE OPCIÓN DEL USUARIO (OCLC)
Datos de opción del usuario 1991
942 ## - ELEMENTOS DE PUNTO DE ACCESO ADICIONAL (KOHA)
Tipo de ítem Koha Parasitologia_
942 ## - ELEMENTOS DE PUNTO DE ACCESO ADICIONAL (KOHA)
Tipo de ítem Koha Parasitologia_
-- 1
Holdings
Estado de retiro Estado de pérdida Fuente del sistema de clasificación o colocación Estado dañado Restricciones de uso No para préstamo Código de colección Localización permanente Ubicación/localización actual Fecha de adquisición Número de inventario Total de préstamos Signatura topográfica completa Código de barras Fecha visto por última vez Número de copia Precio válido a partir de Tipo de ítem Koha Nota pública
    Dewey Decimal Classification   Préstamo 3 días   General Parasitologia Agricola Parasitologia Agricola 27/10/2005 (PA_7482) (No. UACh/174925)   PA 630.208 V3 4102001342 25/01/2022 Ej.1 25/01/2022 Libro 3